[Event "Moscow Aeroflot op"]
[Site "Moscow"]
[Date "2002.02.05"]
[Round "2"]
[White "Markowski, Tomasz"]
[Black "Kaidanov, Gregory S"]
[Result "0-1"]
[WhiteElo "2524"]
[BlackElo "2596"]
[Annotator "Ribli,Z"]
[PlyCount "96"]
[EventDate "2002.02.04"]
[EventType "swiss"]
[EventRounds "9"]
[EventCountry "RUS"]
[SourceTitle "CBM 088"]
[Source "ChessBase"]
[SourceDate "2002.03.21"]
[SourceVersion "1"]
[SourceVersionDate "2002.03.21"]
[SourceQuality "1"]

1. g3 {Der polnische Großmeister spielt gern die Varianten mit g3, Bg2 (und
mit Schwarz g6, Bg7).} d5 2. Nf3 c5 3. Bg2 Nc6 4. d4 Nf6 5. O-O {Weiss spielt
eigentlich eine Grünfeld-Indische Verteidigung, aber mit einem Tempo mehr.} e6
6. c4 dxc4 7. dxc5 {Dieser genügsame Nebenvariante wird heutzutage wenig
gespielt. Beide Alternativen bieten für Weiß mehr Chancen.} (7. Qa4) (7. Ne5
Bd7 8. Na3 cxd4 9. Naxc4) 7... Qxd1 8. Rxd1 Bxc5 9. Nbd2 {Mit diesem Zug
gewinnt Weiß den Bauern zurück, da Schwarz seinen Mehrbauern nicht festhalten
kann.} c3 {Schwarz schwächt die gegnerische Bauernstruktur.} (9... Ke7 $6 10.
Nxc4 $14 Rd8 11. Rxd8 Nxd8 12. Nfe5 Nd5 13. Nd3 b5 14. Ne3 Bxe3 15. Bxe3 Nb7
16. Rc1 Bd7 17. Bxd5 exd5 18. Rc7 Nd6 19. Ne5 {1-0 Sorokin,M-Benko,F/Open,
Buenos Aires ARG 1997 (36)}) 10. bxc3 O-O 11. Nb3 Be7 12. Nfd4 {Weiß hat den
starken "katalanischen" Läufer auf g2 und sein Springer steht stark auf d4.
Anderseits hat Schwarz keine Schwächungen und der weiße c3P ist immer eine
potenzielle Schwäche.} Bd7 (12... Rd8 13. Bf4 Nd5 14. Nxc6 bxc6 15. Na5 Ba6 16.
Nxc6 Re8 17. Nb4 Bxb4 18. cxb4 Bxe2 19. Bxd5 exd5 20. Rxd5 Re4 21. a3 Rae8 22.
Be3 {1/2-1/2 King,D-Quinn,M/Dublin 1993/CBM 34 ext (39)}) 13. Be3 {Dieser Zug
ist weniger aktiv als 13.Bg5.} (13. Bg5 Rfd8 (13... Rac8 14. Bxf6 Bxf6 15. Nc5
Nxd4 16. cxd4 Bb5 17. e3 b6 18. Ne4 Be7 19. a4 Be2 20. Rd2 Bc4 21. Rb2 {
1/2-1/2 Speelman,J-Van der Sterren,P/Yerevan 1996/EXT 97 (42)}) 14. Bxf6 (14.
Nb5 Nd5 15. Bxe7 Ncxe7 16. c4 Bxb5 17. cxb5 Rac8 18. Rac1 Kf8 19. Bxd5 Rxc1 20.
Rxc1 Rxd5 21. a4 Ke8 22. Kf1 b6 23. Ke1 Kd8 24. Rc4 {1-0 Urban,K-Fernandes,A/
Yerevan 1996/EXT 97 (36)}) 14... Bxf6 15. Nc5 Nxd4 (15... Rab8 $2 16. Nxd7 $1
Rxd7 17. Bxc6 bxc6 18. Nxc6 Rxd1+ 19. Rxd1 $16 {1-0 Ulibin,M-Belozerov,A/Tomsk
1997/EXT 2000/[Ribli] (26)}) 16. cxd4 Bc6 17. Bxc6 $5 bxc6 18. e3 Rab8 19. Nd3
Rb5 20. Rac1 {1-0 Miton,K-Papp,G/Athens 2001/EXT 2002 (92)}) (13. Nxc6 Bxc6 14.
Bxc6 bxc6 $11) 13... Rfc8 $1 {Nach diesem Zug kann Schwarz immer mit einer
Figur auf c6 zurücknehmen und in diesem Fall wird die Schwäche des c3-Bauern
spürbar.} (13... Nd5 14. Bxd5 exd5 15. Nxc6 Bxc6 16. a4 Bf6 17. Bd4 Bxd4 18.
Nxd4 Rfc8 19. Ra3 Kf8 20. Kf1 Ke7 21. Ke1 g5 22. a5 {1-0 Mikhalevski,A-Held,M/
Budapest 1997/CBM 61 ext (44)}) 14. Nb5 {[%csl Yd6][%cal Gb5d6] Weiss möchte
15.Nd6 spielen und sich das Läuferpaar verschaffen.} (14. Nxc6 Bxc6 15. Bxc6
Rxc6 $15) 14... Nd8 $1 {[%cal Gd7c6,Gc6g2] Schwarz beschäftigt sich nicht mit
dem a7-Bauern, er bereitet den Läuferzug Bd7-c6 vor.} 15. Nd6 (15. Nxa7 Rxc3
16. Bd4 Rc4 $17 {[%csl Ra7][%cal Gc4a4] Es ist nicht klar, wie der a7N
herauskommen kann.}) 15... Bxd6 16. Rxd6 Bc6 $1 {[%mdl 32] Mit diesem Zug
neutralisiert Schwarz den starken g2-Läufer.} 17. Bg5 (17. f3) 17... Bxg2 18.
Bxf6 (18. Kxg2 Rxc3 (18... Ne4 19. Rxd8+ Rxd8 20. Bxd8 Rxd8 $15)) 18... gxf6
19. Kxg2 Rxc3 $15 {Schwarz hat einen Bauern mehr, aber die Verwertung des
Vorteils ist sehr schwer. Weiß kann seine Türme aktivieren.} 20. Rad1 Nc6 21.
Rd7 {[%csl Gd7]} Rc2 {[%cal Rc2a2,Rc2e2]} 22. Rxb7 Rxa2 23. Rc7 (23. Rdd7 Ne5
24. Rdc7 Rxe2 $17) 23... Ne5 24. Nc5 $6 (24. Nc1 $142 Rb2 (24... Ra1 25. f4
$132) 25. f4 $132) 24... Rxe2 25. Nd7 {Mit diesem Zug forciert Weiß den Tausch
den Springer.} Nxd7 26. Rdxd7 Rf8 27. Rxa7 {[%mdl 4096]} f5 {Schwarz hat einen
Bauern mehr und für gewönlich in Turmendspielen - besonders mit vier Türmen
auf dem Brett - ist dieser Vorteil nicht zum Gewinn ausreichend.} 28. Kf3 Rb2
29. Re7 Rb6 30. Kg2 (30. h3 $15 {[%cal Gg3g4]}) 30... Kg7 31. Rec7 Kg6 {
Stufenweise verbessert Schwarz seine Stellung, aber es droht nichts und ich
glaube, Weiß kann sich erfolgreich verteidigen.} 32. Rcb7 $6 {Nach meiner
Meinung wäre es besser, die Türme nicht zu tauschen.} Rxb7 33. Rxb7 Ra8 {
[%cal Ga8a1] Mit zwei Türmen hat Schwarz mehr Gewinnchancen, aber bei gutem
Spiel kann Weiß den halben Punk sichern.} 34. Rb4 Ra2 35. h3 h5 36. h4 $6 (36.
g4 fxg4 37. hxg4 hxg4 (37... h4 38. Rb5 $15 {[%cal Gb5h5]}) 38. Rxg4+ $15)
36... Rd2 37. Ra4 (37. Rb6 Re2 38. Kf3 Re4 $15 {Und Schwarz kann mit f6 und e5
fortfahren.}) 37... e5 38. Ra6+ f6 39. Ra3 (39. Ra8 {[%cal Ga8h8]} e4 40. Kg1
f4 $17) 39... Rd4 40. Kh3 e4 41. Kg2 f4 $1 {Es droht 42...f3+, wonach die
weiße Stellung schrecklich passiv wäre.} 42. gxf4 Kf5 {[%csl Gf5]} 43. Rc3 $2 (
43. f3 exf3+ (43... Kxf4 44. fxe4 Rxe4 45. Rf3+ Ke5 46. Kg3 $15) 44. Rxf3 (44.
Kxf3 Rxf4+ 45. Kg3 $15) 44... Rxf4 45. Rh3 Kg4 46. Rh1 Ra4 $17) 43... Rd2 $1
$17 44. Kg1 (44. Kg3 Rd3+ 45. Rxd3 exd3 46. Kf3 d2 47. Ke2 Kxf4 48. Kxd2 Kg4
$19) (44. Ra3 Kxf4 $17) 44... Rd3 $1 (44... Kxf4 $17) 45. Rc8 Rh3 $19 {[%csl
Rf4,Rh4] Auf diese Weise Schwarz gewinnt beide schwachen Bauern.} 46. Ra8 Kxf4
47. Ra5 Rxh4 (47... f5 $19) 48. Kf1 f5 0-1

[Event "Bundesliga 0405"]
[Site "Germany"]
[Date "2005.03.13"]
[Round "13.1"]
[White "Landa, Konstantin"]
[Black "Gyimesi, Zoltan"]
[Result "1-0"]
[WhiteElo "2571"]
[BlackElo "2613"]
[Annotator "Ribli,Z"]
[PlyCount "147"]
[EventDate "2004.11.12"]
[EventType "team-tourn"]
[EventRounds "15"]
[EventCountry "GER"]
[SourceTitle "CBM 106"]
[Source "ChessBase"]
[SourceDate "2005.06.06"]
[SourceVersion "1"]
[SourceVersionDate "2005.06.06"]
[SourceQuality "1"]
[WhiteTeam "Muelheim Nord"]
[BlackTeam "Eppingen"]
[WhiteTeamCountry "GER"]
[BlackTeamCountry "GER"]

1. Nf3 Nf6 2. c4 e6 3. g3 d5 4. d4 dxc4 5. Bg2 Nc6 6. Qa4 Bb4+ 7. Bd2 Bd6 {
Mit dieser Fortsetzung möchte Schwarz die komplizierte Hauptvariante vermeiden;
die Idee des Läuferzugs ist, dass Schwarz sich die Option zu e6-e5 offen hält.}
(7... Nd5) 8. Na3 {Das ist die aussichtsreichste Fortsetzung für Weiß. Nach
der Rochade kann Schwarz e6-e5 ziehen mit Ausgleich.} (8. O-O O-O 9. Qxc4 e5)
8... Bxa3 (8... Ne4 $6 9. Nxc4 Nxd2 10. Nfxd2 Bd7 (10... O-O 11. Bxc6 bxc6 12.
O-O $16) 11. Nxd6+ (11. e3 $5 O-O 12. Qb3) 11... cxd6 12. Ne4 {[%csl Rd6,Re8]}
O-O $1 13. Nxd6 Qc7 {[%csl Ra4,Gc6,Rd6,Gd7]} 14. Ne4 Rfd8 (14... Qb6 15. e3
Qxb2 16. O-O $16) 15. Qc4 {1/2-1/2 Beliavsky,A-Anand,V/Dortmund 1998/CBM 66/
[Ribli] (31)}) (8... Rb8 9. Qxc4 O-O 10. Rd1 Bd7 11. Qc2 Qe7 12. Nc4 b5 13. Ne3
{1/2-1/2 Beliavsky,A-Farago,I/HUN tt 1998 (53)}) (8... a6 $5 9. Nxc4 b5 10.
Nxd6+ cxd6 11. Qa3 Bb7 $13) 9. bxa3 {9.Qxa3 scheint mir natürlicher. Mit dem
Partiezug hält Weiß hingegen die Fesselung des c6-Springers aufrecht und
möchte Ne5 spielen oder einfach auf c4 nehmen.} (9. Qxa3 {[%csl Ga3,Re8][%cal
Ga3f8]} Ne4 (9... Nxd4 10. Nxd4 Qxd4 11. Be3 $44 {[%csl Ga3,Ge3,Gg2]} (11. Rd1
$44)) 10. Be3 Qd6 11. Rc1 Qxa3 12. bxa3 Nd6 13. Ne5 Bd7 14. Nxc4 Nf5 15. Bf4
Rc8 16. e3 Nfe7 17. g4 h5 18. h3 f6 19. Bg3 {1/2-1/2 Gustafsson,J-Khenkin,I/
Altenkirchen 2005/(36)}) 9... Ne4 (9... Qd5 10. O-O b5 11. Qd1 Bb7 12. Bf4 O-O
13. Bxc7 Rac8 14. Bf4 Rfd8 15. Be3 Qd6 16. Qc1 Ne7 {0-1 Loetscher,R-Doettling,
F/Pula 2003/(27)}) (9... O-O $5 10. Qxc4 Ne4 (10... Nd5)) 10. Be3 (10. Bf4)
10... Nd6 (10... O-O 11. Qxc4 Nd6 12. Qd3 Nf5 13. O-O $14) 11. Ne5 $14 {
[%csl Rc6][%cal Ga4e8,Gg2a8]} Bd7 (11... O-O 12. Nxc6 bxc6 13. Bxc6 Rb8 14. O-O
$14) 12. Nxc6 bxc6 13. Bxc6 Ke7 (13... Rb8) 14. Bg5+ $1 {Mit diesem Zug
schwächt Weiß die schwarze Bauernstellung am Königsflügel.} f6 15. Bf4 Qe8 (
15... Bxc6 16. Qxc6 Qd7 17. Bxd6+ cxd6 18. Qxc4 {Mit Zugumstellung ist die
Partiestellung erreicht.}) 16. Bxd6+ cxd6 17. Bxd7 Qxd7 18. Qxc4 {[%csl Re7]
Weiß hat einen Bauern mehr und der schwarze König steht schlecht in der Mitte.
Anderseits sind nur noch Schwerfiguren auf dem Brett und die weißen
Doppelbauern sind wenig wertvoll auf der a-Linie.} Rhc8 19. Qd3 Qc6 {[%cal
Gc8c2] Für den Minusbauern verfügt Schwarz über einige Kompensation: der R h1
ist angegriffen und es droht das Eindringen der Dame auf der zweiten Reihe.}
20. O-O Qc2 21. Qe3 {Wenn möglich, muss Weiß die Damen auf dem Brett halten.}
Qc3 (21... d5 22. Rac1 Qe4 (22... Qxa2 23. Qd3 {[%cal Gd3h7]} f5 24. g4 $36)
23. Qd2 $14) 22. Qe4 f5 (22... Qc2 23. Qb7+ Qc7 24. Rab1 $36) 23. Qb7+ Kf6 (
23... Qc7 24. Rab1 Qxb7 25. Rxb7+ Kf6 26. Rfb1 Rc2 27. Rd7 Rxe2 28. Rbb7 $14)
24. d5 $1 {[%mdl 32] Mit diesem starkem Zug verschlechtert Weiß die schwarze
Bauernstruktur.} Qc7 (24... e5 $2 25. Qd7 $18) (24... Rcb8 25. Qd7 Qe5 26. Rfd1
$14) 25. Qb4 Qc4 26. dxe6 (26. Qxd6 Qxd5 27. Qxd5 exd5 28. Rfd1 Ke6 $11) 26...
Qxb4 (26... Qxe6 27. Rfd1 Rc6 28. Rd2 $16) 27. axb4 Rc2 28. Rfd1 Kxe6 (28...
Rd8 29. e3 Kxe6 30. a3 $14) 29. Kf1 Rac8 30. Rd3 R8c6 31. a3 g6 (31... Rc1+ 32.
Rxc1 Rxc1+ 33. Kg2 Ra1 34. Kf3 $16) 32. Rad1 Ra2 33. Re3+ Kf6 34. Kg2 Ra6 35.
Rdd3 $16 {Weiß hat eine sicher Verteidigungsstellung, darüber hinaus einen
Mehrbauern und die bessere Bauernstruktur.} d5 $6 36. b5 $6 (36. Rxd5 $1 R6xa3
37. Rxa3 Rxa3 38. Ra5 Rb3 (38... Rxa5 39. bxa5 Ke5 40. Kf3 Kd5 41. Kf4 Kc5 42.
g4 $18) 39. Rxa7 h5 (39... Rxb4 40. Rxh7 $18) 40. Rb7 $18) 36... Rd6 37. Rd4 a6
38. bxa6 (38. a4 $2 axb5 39. axb5 Rb2 $11) 38... Rxa6 39. Rxd5 R2xa3 40. Re8 (
40. Rxa3 Rxa3 $14) 40... Re6 41. Rxe6+ Kxe6 $14 {[%mdl 4096] Weiß hat keinen
Freibauern, somit besitzt Schwarz gute Remischancen.} 42. Rb5 Ra6 43. g4 Kf6 $2
{Diese passive Verteidigung gefällt mir nicht. Nach meiner Meinung wäre es
besser auf g4 nehmen.} (43... fxg4 $1 44. Rg5 (44. Kg3 h5 $11 (44... Ra2 45. e3
h5 $11)) 44... Ra2 45. e3 h5 46. Rxg6+ Kf5 $14) 44. h3 (44. gxf5 gxf5 $14)
44... h5 $6 {Schwarz möchte am Königsflügel den Bauern tauschen, aber der Ph5
erweist sich im weiteren Spielverlauf als Schwächung.} (44... h6 $14) 45. gxf5
gxf5 46. Rb4 {[%csl Gb4][%cal Gb4h4] Weiß sichert sich die vierte Reihe und
bereitet den Königsmarsch nach f4 vor.} Ra3 47. e3 Ra6 48. Kg3 Kg5 (48... Ra2
49. f3 $16 {[%cal Gg3f4]}) 49. h4+ Kf6 50. Kf4 {[%csl Gb4,Gf4,Rf5,Rh5]} Rc6 51.
f3 Ra6 52. Rb5 Ra4+ 53. e4 fxe4 54. fxe4 {[%csl Ge4] Weiß hat eine aktive
Figurenstellung und einen starken Freibauern.} Kg6 55. Rg5+ Kh6 56. Rg8 Kh7 57.
Rg3 Ra1 58. e5 Ra4+ 59. Kf5 (59. Kg5 Re4 60. Kf6 Rxh4 61. e6 Rf4+ 62. Ke5 Rf1
63. e7 Re1+ 64. Kf6 $18) 59... Rxh4 60. e6 $18 {[%csl Ge6] Der weiße Freibauer
entscheidet die Partie: früher oder später muss Schwarz den Turm für diesen
Bauern geben.} Rh1 61. e7 Re1 (61... Rf1+ 62. Ke4 Re1+ 63. Re3 $18) 62. Kf6
Rf1+ (62... h4 63. Rg7+ Kh6 64. Rg4 Kh5 65. Rg5+ Kh6 66. Re5 $18) 63. Ke6 Re1+
64. Kf7 Rf1+ 65. Ke8 Kh6 (65... h4 66. Rg4 Rh1 67. Re4 $18) 66. Re3 Kg5 67. Kd7
(67. Kd8 Ra1 68. Kd7 Ra7+ 69. Kd6 Rxe7 70. Rxe7 $18 {Dieselbe Stellung haben
wir in der Partie nach 69.Rxe7.}) 67... Rf7 68. Kd6 $1 Rxe7 69. Rxe7 Kf4 70.
Rh7 Kg4 71. Ke5 h4 72. Ke4 Kg3 73. Ke3 h3 74. Rg7+ (74. Rg7+ Kh2 75. Kf2 $18)
1-0

[Event "RUS-ch51"]
[Site "St Petersburg"]
[Date "1998.07.28"]
[Round "1"]
[White "Yevseev, Denis"]
[Black "Goldin, Alexander"]
[Result "1/2-1/2"]
[WhiteElo "2470"]
[BlackElo "2570"]
[Annotator "Ribli,Z"]
[PlyCount "65"]
[EventDate "1998.07.28"]
[EventType "swiss"]
[EventRounds "11"]
[EventCountry "RUS"]
[SourceTitle "CBM 067"]
[Source "ChessBase"]
[SourceDate "1998.11.30"]
[SourceVersion "2"]
[SourceVersionDate "1998.11.01"]
[SourceQuality "1"]

1. d4 Nf6 2. c4 e6 3. g3 d5 4. Bg2 dxc4 5. Nf3 Nc6 6. O-O (6. Qa4 $5 {In
dieser Zugfolge ist der Damezug die beste weiße Möglichkeit, während der
Textzug zu großen Komplikationen führt. Ribli.}) 6... Rb8 7. Nc3 (7. a4 Na5 $11
{[%csl Ga5,Yb3]} (7... a6 8. a5 Bb4 9. Qc2 Nxa5 10. Qa4+ Nc6 11. Ne5 Nd5 12.
Nxc6 bxc6 13. Qxc6+ Bd7 14. Qxc4 O-O 15. Rd1 $14)) 7... b5 {Lange Zeit wurde
diese Fortsetzung in den Theoriebüchern wegen 8.Ne5 verschmäht, aber die
Variante 7...b5 lebt wieder, seit bessere schwarze Möglichkeiten entdeckt
wurden.} (7... a6) (7... Bb4) 8. e4 {[%csl Gd4,Ge4] Weiß hat ein starkes
Bauernzentrum, aber einen Bauern weniger.} (8. Ne5 Nxe5 9. dxe5 Nd7 10. Bc6 a6
11. Qd4 (11. Be3 Bb7 12. Bxb7 Rxb7 13. Qd4 Be7 14. Rfd1 Qc8 15. a4 b4 16. Ne4
a5 17. Bg5 $44 {1-0 Summermater,D-Costa,J/SWZ-chT 1991 (30)}) 11... Bb7 12.
Bxb7 Rxb7 13. Rd1 c5 14. Qg4 (14. Qe4 Qc7) 14... Qc7 15. f4 Qc6 16. e4 b4 17.
Nd5 exd5 18. exd5 Qg6 19. Qf3 h5 20. d6 Rb8 21. Be3 Qf5 {0-1 Vasilchenko,
O-Ivanov,S/RUS-chT 1992 (50)}) 8... b4 {Das führt zu unübersichtlichen
Komplikationen.} (8... Be7 $5 9. Bf4 (9. Qe2 b4 (9... O-O 10. Rd1 Nb4 11. Ne5
Nd7 12. b3 Nxe5 13. dxe5 Qe8 14. Be3 cxb3 15. Bxa7 Rb7 16. axb3 c5 17. Rd6 $36
{1-0 Ulibin,M-Hauchard,A/Capella op 1995 (31)}) 10. Na4 Ba6 11. e5 Nd5 12. Qe4
c3 13. Re1 O-O 14. Nc5 Bb5 15. h4 cxb2 16. Bxb2 Na5 17. Qg4 Nc3 $13 {1/2-1/2
Ulibin,M-Kogan,A/CApella op 1995}) (9. d5 b4 (9... exd5 10. exd5 Nb4 11. Nd4
Bg4 12. Qd2 Bd7 13. b3 O-O 14. a4 a6 15. axb5 axb5 16. bxc4 bxc4 17. Qe2 Bc5
18. Be3 Nd3 {1/2-1/2 Evseev,D-Brodsky,M/Nizhnij Novgorod 1998 (56)}) 10. Ne2
exd5 11. exd5 Nxd5 12. Ng5 Bxg5 13. Bxd5 Ne7 14. Bxc4 Qxd1 15. Rxd1 Bxc1 16.
Raxc1 O-O 17. Bb3 c6 18. Nd4 Bd7 19. Rd2 Rfd8 20. Re1 Kf8 {0-1 Kiss,A-Rabiega,
R/AUT-chT2S 1995 (38)}) 9... O-O 10. a4 a6 11. axb5 {0-1 Kaidanov,G-Zvjaginsev,
V/Groningen 1997 (37)} axb5 $15) 9. Ne2 $13 Rb6 {Schwarz verteidigt den
c6-Springer, aber es wäre wohl besser, die Entwicklung mit 9...Be7 zu beenden.}
(9... Nxe4 $6 10. Nd2 f5 11. Nxe4 fxe4 12. Bxe4 $44 {[%csl Ge4,Re8]}) (9... Bb7
10. Qc2 {[%csl Rc4]}) (9... Be7 $5 10. Qc2 Ba6 11. Rd1 $44) 10. d5 (10. Qc2 $5
Ba6 (10... Na5 11. Qa4+ Nc6 {Weiß hat mindestens Zugwiederholung.}) 11. Be3 {
[%cal Ge3b6]} c3 (11... b3 12. Qd1 Nxe4 13. d5 exd5 14. Bxb6 cxb6 15. axb3 $14
{[%cal Ga1a6]}) 12. d5 $13) 10... exd5 11. exd5 Qxd5 (11... Nxd5 12. Ng5 {
[%csl Rd5,Re8][%cal Gg2a8]} Nde7 (12... Be6 13. Nxe6 fxe6 14. Nd4 Nxd4 15. Qxd4
$36 {[%csl Rc4,Gd4,Re8]}) 13. Be3 $44 {Die weiße Stellung ist trotz der zwei
Minusbauern in Ordnung, während der Schwarze mit schweren
Entwicklungsproblemen zu kämpfen hat.}) 12. Nfd4 {[%csl Re8][%cal Rg2c6]} (12.
Be3 Qxd1 13. Rfxd1 Ra6 $15) 12... Qd7 (12... Ne4 13. Re1 $44 {[%cal Ge1e8,
Gg2c6]}) 13. Nxc6 {Mit diesem Zug gewinnt Weiß die Qualität, aber Schwarz hat
dafür zwei Bauern.} Rxc6 14. Qxd7+ Kxd7 $5 {Eine originelle Idee! Schwarz
unterstützt seinen c-Bauern mit dem König.} (14... Bxd7 15. Bxc6 Bxc6 16. Be3
$14 {[%csl Re8]}) 15. Bxc6+ Kxc6 $44 16. Be3 (16. Rd1 Bc5 $44) (16. Nd4+ Kb6
$15 {[%csl Rd4][%cal Gc7c5]}) 16... Bc5 (16... a5) 17. b3 (17. Nd4+ Bxd4 18.
Bxd4 Bh3 $44) 17... Nd5 $5 (17... c3) 18. Bxc5 (18. bxc4 Nxe3 19. fxe3 Bxe3+
20. Kg2 Be6 $15 {[%csl Gc6,Ge3,Ge6] Schwarz hat das Läuferpaar, aktives Spiel,
aber keine Schwächen.}) 18... Kxc5 19. bxc4 Nc3 $5 (19... Kxc4 20. Rac1+ Nc3
21. a3 Re8 (21... a5)) 20. Nxc3 (20. Rfe1 Be6 {[%csl Rc4]}) 20... bxc3 {
[%csl Gc3,Gc5] Der schwarze c-Bauer ist sehr stark. Er bindet einen weißen
Turm an die Grundreihe.} 21. Rac1 Kxc4 22. Rfe1 {[%cal Ge1e3,Ge3c3]} Rd8 $8 23.
Re7 (23. Re3 Rd3) 23... Rd7 (23... c5 24. Rxf7 (24. Rxa7)) 24. Re8 {Weiß muß
beide Türme auf dem Brett halten.} (24. Rxd7 $2 Bxd7 $19 {[%csl Gc3,Gc4]})
24... Bb7 25. Re3 {[%csl Rc3]} Rd3 26. Re7 {[%csl Gc3,Gc4,Gd3][%cal Re7a7,
Re7h7] Das Turmmanöver gewinnt den c-Bauern, aber das aktive schwarze Spiel
sichert ihm gleiche Chancen.} Bd5 27. Rxc7+ Kd4 28. a4 (28. Rxa7 $2 c2 29. Re7
(29. Ra4+ Kc3 30. Ra3+ Kd2 31. Rxd3+ Kxd3 $19 {[%csl Gc1,Gc2,Gd3,Gd5]}) (29.
Rxc2 Rd1# {[%cal Rd1g1]}) 29... Rd1+ 30. Re1 Bf3 $19 {Weiß kann nichts gegen
31...Rxe1 nebst 32...Bd1 machen.}) 28... a5 {[%csl Ra4,Ga5]} 29. Kf1 Bb3 {
[%csl Ra4]} 30. Rd7+ Kc4 31. Rc7+ (31. Rxd3 $2 Kxd3 32. Ke1 c2 {[%csl Gb3,Rc1,
Gc2,Gd3,Re1]} 33. Ra1 Bxa4 34. Ra3+ Bb3 35. Rxb3+ Kc4 $19) 31... Kd4 32. Rd7+
Kc4 33. Rc7+ 1/2-1/2